Départements de France par plus basse altitude avec carte - Statistiques

Statistiques générales
  • Ce quiz a été pris 235 fois
  • Le résultat moyen est 15 sur 71
Réponses sur la Carte
Les réponses sont colorées sur une échelle allant du rouge au vert en fonction du pourcentage des utilisateurs qui les ont devinées à leur premier essai. Vous pouvez retrouver ces pourcentages ci-dessous.
 
Statistiques - réponses
Nom Altitude min (en m) % Correct
Départements côtiers 0
100%
Deux-Sèvres 0
44%
Hautes-Alpes 460
39%
Maine-et-Loire 0
39%
Charente 2
35%
Dordogne 2
31%
Paris 27
31%
Val-d'Oise 9
31%
Yvelines 9
31%
Mayenne 19
29%
Vaucluse 10
29%
Hauts-de-Seine 21
28%
Sarthe 20
28%
Lot-et-Garonne 12
27%
Seine-Saint-Denis 22
27%
Val-de-Marne 27
27%
Indre-et-Loire 25
26%
Essonne 30
25%
Oise 22
25%
Seine-et-Marne 36
24%
Aisne 36
23%
Ardèche 38
23%
Drôme 46
23%
Haute-Loire 393
23%
Haute-Savoie 250
23%
Vienne 31
23%
Alpes-de-Haute-Provence 256
22%
Savoie 207
22%
Tarn-et-Garonne 45
21%
Isère 134
20%
Jura 177
19%
Loir-et-Cher 53
19%
Orne 46
19%
Ariège 197
18%
Eure-et-Loir 52
18%
Indre 59
18%
Loiret 67
18%
Lot 65
18%
Marne 51
18%
Yonne 52
18%
Cher 87
17%
Gers 57
17%
Aube 58
16%
Cantal 180
16%
Haute-Garonne 85
16%
Hautes-Pyrénées 118
16%
Ain 163
15%
Allier 158
15%
Ardennes 56
15%
Aveyron 140
15%
Doubs 198
15%
Loire 130
15%
Puy-de-Dôme 256
15%
Haute-Vienne 122
14%
Lozère 194
14%
Nièvre 132
14%
Tarn 93
14%
Territoire de Belfort 324
14%
Bas-Rhin 104
13%
Rhône 143
13%
Meuse 124
12%
Vosges 227
12%
Côte-d'Or 173
11%
Creuse 197
11%
Haut-Rhin 170
11%
Corrèze 82
10%
Haute-Marne 114
10%
Haute-Saône 183
10%
Meurthe-et-Moselle 171
10%
Moselle 145
10%
Saône-et-Loire 167
10%
Aucun quiz correspondant
Distribution des résultats
% des personnes avec chaque résultat
Percentile par nombre de réponses
Votre historique - résultats
Vous n’avez pas pris ce quiz